Fotografía digital : 101 preguntas fundamentales /

Contenido: 1. Fundamentos digitales: Calidad de la imagen; Conocimiento y gestión de los archivos; 2. Cómo usar una cámara digital: Equipo; Almacenamiento de las imágenes; Hacer fotos; Transferir archivos; 3. Escaneado e impresión: Escaneado; Impresión; 4. Hacer imágenes creativas: Manipulación digi...

Descripción completa

Guardado en:
Detalles Bibliográficos
Autor principal: Meehan, Les (autor)
Formato: Libro
Idioma:Español
Publicado: Barcelona, España : Libros Cúpula, 2004, c2004
Temas:
Etiquetas: Agrega una etiqueta
Sin etiquetas, Sé el primero en etiquetar este registro!

MARC

LEADER 00000nam^a2200000^a^4500
001 000189065
005 20250521000000.0
009 20260310102401.037
020 |a 84-480-4713-3 
037 |a Acervo ITESO - Biblioteca 
041 |a ESP 
082 |a 772. 1  |b MEE 
100 |a Meehan, Les  |e (autor) 
245 1 0 |a Fotografía digital :  |b 101 preguntas fundamentales /  |c L. Meehan ; tr. por Juan Manuel Varela. 
264 4 |a Barcelona, España :  |b Libros Cúpula,  |c 2004, c2004 
300 |a 144 p. 
336 |a texto  |b txt  |2 rdacontenido 
337 |a sin mediación  |b n  |2 rdamedio 
338 |a volumen  |b nc  |2 rdasoporte 
500 |a Traducción de: Digital Photography Problem Solver 
520 |a Contenido: 1. Fundamentos digitales: Calidad de la imagen; Conocimiento y gestión de los archivos; 2. Cómo usar una cámara digital: Equipo; Almacenamiento de las imágenes; Hacer fotos; Transferir archivos; 3. Escaneado e impresión: Escaneado; Impresión; 4. Hacer imágenes creativas: Manipulación digital de las imágenes; Gestión de archivos. 
649 |a XX 
650 |a Almacenamiento de Información (Cómputo) 
650 |a Manipulación de Imagen por Computadora 
650 |a Fotografía -  |x Procesos de Impresión 
650 |a Fotografía Digital -  |x Materiales y Equipo 
650 |a Fotografía Digital -  |x Técnica -  |x Tema Principal 
650 |a Fotografía -  |x Materiales y Equipo 
650 |a Fotografía -  |x Técnica 
910 |a Fondo General 
920 |a Impresos - Libros 
930 |a Colección General 
905 |a 101 
901 |a 0500131685  |b IT1  |c ACC  |u 20250521 
902 |a https://opac.biblio.iteso.mx/vufind/Record/000189065